00388pab a2200121 454500008004000000100003400040245006400074260000900138300000900147362000900156650004000165773006100205180718b1990 xxu||||| |||| 00| 0 eng d aRietveld, Pietand Cees Gorter aInnovation in Indonesian small scale industrybA case study c1990 a1-19 aJan. aIndustry, Small - Scale - Indonesia aInternational Journal of Development Planning Literature